Gaming Quiz

Random Gaming or Video Games Quiz

Get the Picture: Mario Kart Quiz Stats

 Plays Quiz not verified by Sporcle

Score 0/16 Timer 04:00
0 Plays Today
Question Answer Wrong Answers
Waluigi Pinball DS
67.4%
Wii
4.7%
7
11.6%
8
8.1%
Tick-Tock Clock DS
65.1%
Wii
4.7%
7
7%
8
10.5%
Dry Dry Ruins Wii
62.8%
DS
18.6%
7
1.2%
8
7%
DK Summit Wii
61.6%
DS
17.4%
7
3.5%
8
4.7%
Figure-8 Circuit DS
60.5%
Wii
8.1%
7
3.5%
8
15.1%
Mushroom Gorge Wii
59.3%
DS
14%
7
9.3%
8
5.8%
Daisy Circuit Wii
59.3%
DS
17.4%
7
7%
8
4.7%
Wario Stadium DS
58.1%
Wii
12.8%
7
8.1%
8
8.1%
Electrodrome 8
57%
DS
16.3%
Wii
10.5%
7
5.8%
Cloudtop Cruise 8
52.3%
DS
15.1%
Wii
4.7%
7
14%
Piranha Plant Slide 7
52.3%
DS
14%
Wii
8.1%
8
16.3%
Music Park 7
51.2%
DS
15.1%
Wii
11.6%
8
10.5%
Rosalina's Ice World 7
50%
DS
17.4%
Wii
10.5%
8
10.5%
Shy Guy Bazaar 7
46.5%
DS
16.3%
Wii
10.5%
8
12.8%
Twisted Mansion 8
45.3%
DS
26.7%
Wii
9.3%
7
8.1%
Mario Kart Stadium 8
40.7%
DS
23.3%
Wii
10.5%
7
11.6%

You're not logged in!

Compare scores with friends on all Sporcle quizzes.
OR
Log In

Show Comments

Extras

Top Quizzes Today


Score Distribution

Your Account Isn't Verified!

In order to create a playlist on Sporcle, you need to verify the email address you used during registration. Go to your Sporcle Settings to finish the process.

Report this User

Report this user for behavior that violates our Community Guidelines.

Details: